000 01497cam a22003614a 4500
001 12546252
003 OSt
005 20150408113926.0
008 010926s2002 maua 001 0 eng
010 _a 2001052200
_z 2001096315
020 _a0072472618 (v. 1 : pbk. : alk. paper)
020 _a0072458577 (v. 2 : alk. paper)
020 _a0072471875 (v. 2 : pbk. : alk. paper)
040 _aDLC
_cDLC
_dDLC
042 _apcc
050 0 0 _aHF5548.4.M525
_bM5375 2002
082 0 0 _a005.369
_221
245 0 0 _aMicrosoft Office XP /
_cKenneth C. Laudon ... [et al.].
260 _aBoston :
_bMcGraw-Hill/Irwin
_cc2002.
300 _a2 v. :
_bcol. ill. ;
_c28 cm.
440 0 _aInteractive computing series
_94996
500 _aIncludes indexes.
630 0 0 _aMicrosoft Office.
_93981
650 0 _aBusiness
_xComputer programs.
_93982
700 1 _aLaudon, Kenneth C.,
_d1944-
_94997
856 4 2 _3Publisher description
_uhttp://www.loc.gov/catdir/description/mh021/2001052200.html
856 4 1 _3Table of contents
_uhttp://www.loc.gov/catdir/toc/mh021/2001052200.html
856 4 2 _3Contributor biographical information
_uhttp://www.loc.gov/catdir/enhancements/fy0737/2001052200-b.html
942 _2ddc
_cBOOK
999 _c15518
_d250018